000 00796nam a2200253 a 4500
001 BRL_292
005 20190320210655.0
008 220713s1974----mx-o######---#000-0#spa-#
041 _aspa
044 _amx
050 4 _aF1219
_b.C66 11 1974
245 1 0 _aComunicaciones 11 / 1974
_bProyecto Puebla Tlaxcala.
260 _aPuebla, México
_bFundación Alemana para la Investigación Científica
_c1974
300 _a83 p.
_bil., planos
_c28 cm.
500 _aAu275.
504 _aIncluye referencias bibliográficas
650 1 4 _aIndígenas de México
_xAntigüedades
_9509
650 1 4 _aGeología
_zMéxico
_95672
651 4 _aMéxico
_xAntigüedades
_92765
651 4 _aPuebla (México : Estado)
_923474
651 4 _aTlaxcala (México : Estado)
_923475
902 _aGRL
942 _2lcc
_cB
999 _c9105
_d9105